King of the Hill quotes by episode: Season 1 Quiz Stats

 Plays Quiz not verified by Sporcle

Support Sporcle.
Go Orange.
Score 0/12 Timer 03:00
0 Plays Today
% Correct
Shins of the Father
91.6%
The Order of the Straight Arrow
91.2%
Hank's Got the Willies
89.9%
Hank's Unmentionable Problem
85.3%
Peggy the Boggle Champ
82.6%
Pilot
82.3%
King of the Ant Hill
74.7%
Westie Side Story
74.4%
Keeping Up With Our Joneses
74%
Square Peg
73.2%
Plastic White Female
64.4%
Luanne's Saga
50.1%

You're not logged in!

Compare scores with friends on all Sporcle quizzes.
OR
Log In

From the Vault

Words Within Words 'N' Blitz

by Scuadrado

Anything can be a word if you say it enough.
Remove Ads.
Support Sporcle.
Get the best of Sporcle when you Go Orange. This ad-free experience offers more features, more stats, and more fun while also helping to support Sporcle. Thank you for becoming a member.

Show Comments

Extras

Top Quizzes Today


Score Distribution

Your Account Isn't Verified!

In order to create a playlist on Sporcle, you need to verify the email address you used during registration. Go to your Sporcle Settings to finish the process.

Report this User

Report this user for behavior that violates our Community Guidelines.

Details: